Flags of the World #5 - Statistics

General Stats
  • This quiz has been taken 74 times
    17 since last reset
  • The average score is 13 of 16
Answer Stats
Picture Answer % Correct
Croatia
90%
Dominican Republic
90%
Ivory Coast
90%
Luxembourg
90%
Bulgaria
80%
Costa Rica
80%
Ecuador
80%
Puerto Rico
80%
Serbia
80%
Venezuela
80%
Angola
70%
Ethiopia
70%
Guatemala
70%
Lithuania
70%
Oman
70%
Panama
70%
No matching quizzes found
Score Distribution
Percent of People with Each Score
Percentile by Number Answered
Your Score History
You have not taken this quiz since the last reset